Представление документа в формате MARC21

ПолеНазваниеЗначение
  Тип записи a
  Библиографический уровень m
001 Контрольный номер RU\infra-m\znanium\bibl\2212557
005 Дата корректировки 20260429142112.4
008 Кодируемые данные 250804s2025 RU g rus u
020 Индекс ISBN __
a ISBN 978-5-16-113769-7 (электр. издание)
040 Источник каталогиз. __
a Служба первич. каталог. Общество с ограниченной ответственностью «ЗНАНИУМ»
041 Код языка издания __
a Код языка текста rus
044 Код страны публикации __
a Код страны публикации RU
080 Индекс УДК __
a Индекс УДК 656.61.052(075.8)
084 Индекс другой классификации/Индекс ББК __
2 Источник индекса rubbk
a Индекс другой классификации/Индекс ББК 39.471я73
084 Индекс другой классификации/Индекс ББК __
2 Источник индекса okso
a Индекс другой классификации/Индекс ББК 26.02.03
084 Индекс другой классификации/Индекс ББК __
2 Источник индекса okso
a Индекс другой классификации/Индекс ББК 26.05.05
100 Автор __
a Автор Куприянов И.В.
u Дополнение ЧЕРНОМОРСКОЕ ВЫСШЕЕ ВОЕННО-МОРСКОЕ ОРДЕНОВ НАХИМОВА и КРАСНОЙ ЗВЕЗДЫ УЧИЛИЩЕ ИМЕНИ П.С.НАХИМОВА Министерство обороны Российской Федерации
245 Заглавие __
a Заглавие Управление судном. Визуальная и звуковая сигнализация
b Продолж. заглавия Учебно-методическая литература
c Ответственность ЧЕРНОМОРСКОЕ ВЫСШЕЕ ВОЕННО-МОРСКОЕ ОРДЕНОВ НАХИМОВА и КРАСНОЙ ЗВЕЗДЫ УЧИЛИЩЕ ИМЕНИ П.С.НАХИМОВА Министерство обороны Российской Федерации
250 Сведения об издании __
a Основные сведения об издании 1
260 Выходные данные __
a Место издания Москва
b Издательство ООО "Научно-издательский центр ИНФРА-М"
c Дата издания 2025
300 Физическое описание __
a Объем 35 с.
440 Серия __
a Серия ЭБС
520 Аннотация __
a Аннотация Учебно-практическое пособие предназначено для теоретической и практической подготовки студентов очной и заочной форм обучения по дисциплине «Управление судном» в Черноморском высшем военно-морском училище имени П.С. Нахимова.
521 Примеч. о цел. назн. __
a Примеч. о целев. назн. Профессиональное образование
650 Тематические рубрики __
a Основная рубрика Транспорт
x Основная подрубрика Судовождение. Сигнализация и связь на водном транспорте
655 Указ. предметных рубрик (устаревшее) __
a Жанр/ форма (устаревшее) Учебно-методическая литература
700 Другие авторы __
a Другие авторы Новицкий С.А.
u Дополнение ЧЕРНОМОРСКОЕ ВЫСШЕЕ ВОЕННО-МОРСКОЕ ОРДЕНОВ НАХИМОВА и КРАСНОЙ ЗВЕЗДЫ УЧИЛИЩЕ ИМЕНИ П.С.НАХИМОВА Министерство обороны Российской Федерации
700 Другие авторы __
a Другие авторы Володин В.Н.
u Дополнение ЧЕРНОМОРСКОЕ ВЫСШЕЕ ВОЕННО-МОРСКОЕ ОРДЕНОВ НАХИМОВА и КРАСНОЙ ЗВЕЗДЫ УЧИЛИЩЕ ИМЕНИ П.С.НАХИМОВА Министерство обороны Российской Федерации
856 Электронный адрес документа 4_
a Имя сервера/домена znanium.ru
m Помощь ebs_support@infra-m.ru
n Местонахождение сервера НИЦ ИНФРА-М
u URL https://znanium.ru/catalog/document?id=468268
856 Электронный адрес документа 48
a Имя сервера/домена znanium.ru
d Путь /cover/2212
f Электронное имя 2212557.jpg
q Тип электронного формата image/jpeg
u URL https://znanium.ru/cover/2212/2212557.jpg
911 __
u 0030=https://znanium.ru/catalog/document?id=468268